000 00759nam0a22002531 4500
001 rc\132823
005 20250620202438.0
010 _a5-7024-0513-7
_990000
035 _a(NLR Aleph) 005406785
090 _a7331251
_c7331251
100 _a20030307d1996 |||y0rusy50 ca
101 0 _arus
102 _aRU
105 _ay |||||||||
200 1 _aМой мужчина
_eРоман
_e[Пер. с англ.]
_fМарси Бэннет
210 _aМ.
_cМеждунар. журн. "Панорама"
_d1996
215 _a190, [1] с.
_d17
225 1 _aПанорама романов о любви
700 1 _aБэннет
_bМ.
_gМарси
801 0 _aRU
_bNLR
_gpsbo
801 1 _aRU
_bELAR
_2rusmarc
852 _aNLR
_j96-2/1823
942 _cBOOK
980 _aNB